مكتبة جامعة عجلون الوطنية

فهرس بحث المكتبة

مدخل الى الاذاعات الموجهة (Record no. 8213)

MARC details
000 -LEADER
fixed length control field 00708nam a2200229Ii 4500
003 - CONTROL NUMBER IDENTIFIER
control field JO-AjNU
008 - FIXED-LENGTH DATA ELEMENTS--GENERAL INFORMATION
fixed length control field 230605s9999||||xx |||||||||||||| ||und||
017 ## - COPYRIGHT OR LEGAL DEPOSIT NUMBER
Copyright or legal deposit number 1982/5180
020 ## - INTERNATIONAL STANDARD BOOK NUMBER
International Standard Book Number 977-10-0037-3
040 ## - CATALOGING SOURCE
Original cataloging agency JO-AjNU
Language of cataloging ara
Description conventions rda
Transcribing agency JO-AjNU
041 ## - LANGUAGE CODE
Language code of text/sound track or separate title ara
050 14 - LIBRARY OF CONGRESS CALL NUMBER
Classification number HE8694 .H346. 1983
100 3# - MAIN ENTRY--PERSONAL NAME
Personal name الحلواني،ماجي,
Relator term author
9 (RLIN) 15997
245 00 - TITLE STATEMENT
Title مدخل الى الاذاعات الموجهة
250 ## - EDITION STATEMENT
Edition statement ط1
264 31 - PRODUCTION, PUBLICATION, DISTRIBUTION, MANUFACTURE, AND COPYRIGHT NOTICE
Place of production, publication, distribution, manufacture القاهرة:دار الفكر،1983
300 ## - PHYSICAL DESCRIPTION
Extent 184ص
336 ## - CONTENT TYPE
Content type term text
Content type code txt
Source rdacontent
337 ## - MEDIA TYPE
Media type term unmediated
Media type code n
Source rdamedia
338 ## - CARRIER TYPE
Carrier type term volume
Carrier type code nc
Source rdacarrier
650 #4 - SUBJECT ADDED ENTRY--TOPICAL TERM
Topical term or geographic name entry element الاذاعة -- وسائل الاعلام المسموعة
9 (RLIN) 15998
Holdings
Withdrawn status Lost status Source of classification or shelving scheme Damaged status Not for loan Home library Current library Shelving location Date acquired Total Checkouts Full call number Barcode Date last seen Price effective from Koha item type
    Library of Congress Classification     مكتبة جامعة عجلون الوطنية مكتبة جامعة عجلون الوطنية المجموعات العامة 06/06/2023   HE8694 .H346. 1983 A4645 06/06/2023 06/06/2023 Books